PFA Championship Team of the Season 17-18 - Statistics

General Stats
  • This quiz has been taken 5 times
  • The average score is 5 of 11
Answer Stats
Hint Answer % Correct
Left Back Ryan Sessegnon
100%
Centre Midfielder Ruben Neves
75%
Centre Back Sol Bamba
75%
Centre Midfielder Tom Cairney
75%
Centre Back Willy Boly
50%
Striker Bobby Reid
25%
Goalkeeper John Ruddy
25%
Striker Matej Vydra
25%
Centre Midfielder James Maddison
0%
Striker Leon Clarke
0%
Right Back Ryan Fredericks
0%
No matching quizzes found
Score Distribution
Percent of People with Each Score
Percentile by Number Answered
Your Score History
You have not taken this quiz